Capitales les plus vertes d'Europe - Statistiques

Statistiques générales
  • Ce quiz a été pris 54 fois
  • Le résultat moyen est 8 sur 10
Statistiques - réponses
Hint Réponse % Correct
3 Oslo
96%
8 Berlin
92%
4 Berne
90%
2 Stockholm
90%
1 Copenhague
88%
5 Helsinki
88%
10 Amsterdam
84%
7 Vienne
82%
9 Prague
76%
6 Ljubljana
61%
Aucun quiz correspondant
Distribution des résultats
% des personnes avec chaque résultat
Percentile par nombre de réponses
Votre historique - résultats
Vous n’avez pas pris ce quiz